Objective Physics for Neet 2022/ (Record no. 185533)

MARC details
000 -LEADER
fixed length control field 00736nam a22002177a 4500
005 - DATE AND TIME OF LATEST TRANSACTION
control field 20220218130035.0
010 ## - LCCN (DPL NO)
LC control number ENG-131386-87
020 ## - INTERNATIONAL STANDARD BOOK NUMBER
International Standard Book Number 9789354497698
Terms of availability 550.00
020 ## - INTERNATIONAL STANDARD BOOK NUMBER
International Standard Book Number 9789354497773
Terms of availability 499.00
035 ## - SYSTEM CONTROL NUMBER
System control number EN-114918-19
037 ## - SOURCE OF ACQUISITION
Source of stock number/acquisition DBAD
082 ## - DEWEY DECIMAL CLASSIFICATION NUMBER
Classification number 530
100 ## - MAIN ENTRY--PERSONAL NAME
Personal name Kumar, Abhay
245 ## - TITLE STATEMENT
Title Objective Physics for Neet 2022/
Statement of responsibility, etc Abhay Kumar
250 ## - EDITION STATEMENT
Edition statement 5e Edition
260 ## - PUBLICATION, DISTRIBUTION, ETC. (IMPRINT)
Place of publication, distribution, etc Uttar Pradesh
Name of publisher, distributor, etc Pearson India Education Services
Date of publication, distribution, etc 2022
270 ## - ADDRESS
Address 15th Flooor, Tower-B, World Trade Tower, Plot No. 1, Block-C, Sector-16
City Noida
Postal code 201301
Electronic mail address companysecretary.india@pearson.com
300 ## - PHYSICAL DESCRIPTION
Extent vp.
Dimensions V1 25cm(pbk), V2 25cm(pbk)
Other physical details Practice Excercises
490 ## - SERIES STATEMENT
Volume number/sequential designation V1, V2
942 ## - ADDED ENTRY ELEMENTS (KOHA)
Source of classification or shelving scheme Dewey Decimal Classification
Item type English Books
Classification part 530
Call number suffix ABH
Holdings
Withdrawn status Lost status Materials specified (bound volume or other part) Not for loan Collection code Home library Current library Date acquired Source of acquisition Cost, normal purchase price Full call number Barcode Copy number Cost, replacement price Koha item type
    VOLUME 1   Non-fiction Ashok Vihar Ashok Vihar 03/02/2022 DBAD/PUB 550.00 530 ABH EN-114918 1 550.00 English Books
    VOLUME 2   Non-fiction Ashok Vihar Ashok Vihar 03/02/2022 DBAD/PUB 499.00 530 ABH EN-114919 1 499.00 English Books

© Delhi Public Library
Hit Counter
free hit counter